Attack on Titan - All Titan Shifters - Statistics

General Stats
  • This quiz has been taken 607 times
  • The average score is 19 of 25
Answer Stats
Titan Year Shifter % Correct
Attack Titan 819-832 Eren Kruger
100%
Attack Titan 845-854 Eren Yeager
100%
Founding Titan 845-854 Eren Yeager
100%
War Hammer Titan 854 Eren Yeager
100%
Female Titan 843-854 Annie Leonhart
96%
Armored Titan 843-854 Reiner Braun
96%
Colossus Titan 850-854 Armin Arlert
94%
Beast Titan 842-854 Zeke Yeager
94%
Founding Titan 1003 BC-990 BC Ymir Fritz
93%
Colossus Titan 843-850 Bertolt Hoover
92%
Jaw Titan 845-? Ymir
92%
Attack Titan 832-845 Grisha Yeager
89%
Founding Titan 845 Grisha Yeager
89%
Cart Titan 843-854 Pieck Finger
84%
Jaw Titan 854 Falco Grice
76%
Jaw Titan ?-854 Porco Galliard
74%
Jaw Titan 843-845 Marcel Galliard
68%
Founding Titan 842-845 Frieda Reiss
62%
War Hammer Titan ?-854 Lara Tybur
55%
Founding Titan 829-842 Uri Reiss
54%
Beast Titan 829-842 Tom Ksaver
44%
Unknown 990 BC-? Maria Fritz
42%
Unknown 990 BC-? Rose Fritz
42%
Founding Titan ? Karl Fritz
40%
Unknown 990 BC-? Sheena Fritz
36%
No matching quizzes found
Score Distribution
Percent of People with Each Score
Percentile by Number Answered
Your Score History
You have not taken this quiz